Southville International School and Colleges
Your cart is empty.
  • Cart
  • Lists
    Public lists Eva Luna New books Lux_list list_1
    Your lists Log in to create your own lists
  • Log in to your account
  • Your cookies
  • Search history
Southville International School and Colleges
  • Advanced search
  • Recent comments
  • Most popular
  • Libraries

Log in to your account

Log in with GOOGLE


If you do not have an external account, but do have a local account, you can still log in:

  1. Home
  2. MARC view: TOP Science Examination Papers :
Normal view MARC view ISBD view

TOP Science Examination Papers : (Record no. 115756)

[ view plain ]
MARC details
000 -LEADER
fixed length control field 00539nam a22001817a 4500
003 - CONTROL NUMBER IDENTIFIER
control field OSt
005 - DATE AND TIME OF LATEST TRANSACTION
control field 20140503090441.0
008 - FIXED-LENGTH DATA ELEMENTS--GENERAL INFORMATION
fixed length control field 140503b xxu||||| |||| 00| 0 eng d
050 ## - LIBRARY OF CONGRESS CALL NUMBER
Classification number Q 182
Item number .C518p6 2012
100 ## - MAIN ENTRY--PERSONAL NAME
Personal name Cheng, Helena B.Sci
245 ## - TITLE STATEMENT
Title TOP Science Examination Papers :
Remainder of title Primary 4 /
Statement of responsibility, etc Helena Cheng
260 ## - PUBLICATION, DISTRIBUTION, ETC. (IMPRINT)
Place of publication, distribution, etc Singapore :
Name of publisher, distributor, etc Educational Publishing Home Pte Ltd,
Date of publication, distribution, etc 2012.
300 ## - PHYSICAL DESCRIPTION
Extent 168 p. :
Other physical details ill. ;
Dimensions 25 cm.
650 ## - SUBJECT ADDED ENTRY--TOPICAL TERM
Topical term or geographic name as entry element Life Cycles of Animals
650 ## - SUBJECT ADDED ENTRY--TOPICAL TERM
Topical term or geographic name as entry element Life cycle of plants
942 ## - ADDED ENTRY ELEMENTS (KOHA)
Source of classification or shelving scheme Library of Congress Classification
Koha item type Books
Holdings
Withdrawn status Lost status Source of classification or shelving scheme Damaged status Home library Current library Shelving location Date acquired Sub Shelving location Total Checkouts Total Renewals Full call number Barcode Date last seen Date checked out Copy number Price effective from Koha item type
    Library of Congress Classification   Luxembourg Library Luxembourg Library Teachers Reference Section 05/03/2014   2 4 Q 182 .C518p6 2012 19645 04/17/2018 12/13/2017 1 05/03/2014 Books

TOP Science Examination Papers :

APA

Cheng H. B., . (2012). TOP Science Examination Papers. Singapore: Educational Publishing Home Pte Ltd.

Chicago

Cheng Helena B.Sci, . 2012. TOP Science Examination Papers. Singapore: Educational Publishing Home Pte Ltd.

Harvard

Cheng H. B., . (2012). TOP Science Examination Papers. Singapore: Educational Publishing Home Pte Ltd.

MLA

Cheng Helena B.Sci, . TOP Science Examination Papers. Singapore: Educational Publishing Home Pte Ltd. 2012.

  • Place hold
  • Print
  • Cite
  • Add to your cart (remove)
  • Save record
    BIBTEX Dublin Core MARCXML MARC (non-Unicode/MARC-8) MARC (Unicode/UTF-8) MARC (Unicode/UTF-8, Standard) MODS (XML) RIS
  • More searches
    Search for this title in:
    Other Libraries (WorldCat) Other Databases (Google Scholar) Online Stores (Bookfinder.com) Open Library (openlibrary.org)

Exporting to Dublin Core...

SOUTHVILLE LIBRARY

Southville International School and Colleges Library

1281 Tropical Ave. Cor. Luxembourg St., BF Homes International, Las Pinas City

Tel. No. 8256374 / 252358 Loc. 117/146

Powered by Koha